Игры по локациям - Statistics

General Stats
  • This quiz has been taken 49 times
  • The average score is 4 of 15
Answer Stats
топоним игра % Correct
Сити-17 Half-Life 2
60%
Лиманск S.T.A.L.K.E.R.: Clear Sky
58%
Белый Сад The Witcher III: Wild Hunt
53%
Найт-Сити Cyberpunk 2077
48%
Столичная пустошь Fallout 3
40%
Грибное королевство Mario
35%
Восторг / Рэпча Bioshock
28%
Тристрам Diablo / Diablo II
28%
Хайрул The Legend of Zelda
25%
Арракис Dune
23%
Брайт-Фолс Alan Wake
10%
Мидгар Final Fantasy VII
10%
Анкария Sacred
5%
Стилпорт Saints Row
5%
Нуар-Йорк Max Payne 2: The Fall of Max Payne
3%
No matching quizzes found
Score Distribution
Percent of People with Each Score
Percentile by Number Answered
Your Score History
You have not taken this quiz